| 000 | 01661ngm a22004570a 4500 | ||
|---|---|---|---|
| 001 | PT47777 | ||
| 003 | AR-LpoUNG | ||
| 005 | 20210202000030.0 | ||
| 007 | vd cvaizq | ||
| 008 | 191001s2005||||ag |||||||||||||||||spa d | ||
| 037 | _c$2,50 | ||
| 040 |
_aAR-LpoUNG _bspa _cAR-LpoUNG _eaacr |
||
| 041 | _aspa | ||
| 044 | _aag | ||
| 082 | 0 | _a982.064 678his | |
| 100 | 1 |
_aTorello, Pablo _edir. |
|
| 245 | 1 | 0 |
_aHistorias de aparecidos : _bla historia completa de las playas del silencio |
| 260 |
_aBuenos Aires : _bFacultad de Periodismo y Comunicación Social, _c2005. |
||
| 300 | _aDVD (88 min.) : son., col. | ||
| 505 | 0 | _aGuión: Pablo Torello. Música: Juan Carlos Cedrón. | |
| 520 | _aLa película sigue la ruta completa del secuestro, tortura, asesinato en un vuelo de la muerte durante la dictadura argentina (1976-1983) y, décadas después, la recuperación de los cuerpos de Azucena Villaflor, Esther Ballestrino y María Ponce, fundadoras de Madres de Plaza de Mayo secuestradas entre el 8 y el 10 de diciembre de 1977 por un grupo de tareas de la ESMA. | ||
| 650 | 4 | _aANALISIS HISTORICO | |
| 650 | 4 | _aARGENTINA | |
| 650 | 4 | _aDICTADURA | |
| 650 | 4 | _aGOBIERNO MILITAR | |
| 650 | 4 | _aTORTURA | |
| 650 | 4 | _aVIOLENCIA | |
| 651 | 4 | _aArgentina | |
| 653 | _aCINE ARGENTINO | ||
| 653 | _aDESAPARECIDOS | ||
| 653 | _aDOCUMENTALES | ||
| 653 | _aDVD | ||
| 653 | _aESMA | ||
| 653 | _aMADRES DE PLAZA DE MAYO | ||
| 653 | _aMEMORIA COLECTIVA | ||
| 653 | _aTERRORISMO DE ESTADO | ||
| 653 | _aVIDEOS | ||
| 710 | 2 | _aUniversidad Nacional de La Plata. Facultad de Periodismo y Comunicación Social | |
| 905 | _a47777 | ||
| 942 | _cDVD | ||
| 999 |
_c53990 _d53990 |
||